000
00219nam a22001097a 4500
082
_a
001
_b
DIS/W
245
_a
THE WONDERFUL WORLD OF KNOWLEDGE
260
_a
USA
_b
DISNEY
300
_a
57
650
_a
GK
_z
USA
942
_c
BK
999
_c
6227
_d
6227